000 00648nam a2200253Ia 4500
003 OSt
005 20221007101201.0
006 a|||||r|||| 00| 0
007 ta
008 221006b |||||||| |||| 00| 0 eng d
020 _a0712109293
024 _a5,993
037 _cTextual
040 _aLCO
_cLCO
_beng
041 _2eng
_aeng
082 _aZ1, L3
100 _aGreen N.A.
_9702699
245 0 _aInternational Law
_b Law of Peace
260 _aLondon
_bMacdonald & Evans Limited U.K.
_c1973
300 _a298
650 _aINTERNATIONAL LAW
942 _hZ1, L3
_cTEXL
999 _c1175556
_d1175556